[Event "WYCC U18 Open 2019"]
[Site "Mumbai"]
[Date "2019.10.11"]
[Round "10.4"]
[White "Zarubitski, Viachaslau"]
[Black "Arjun Kalyan"]
[Result "0-1"]
[WhiteElo "2435"]
[BlackElo "2483"]
[Annotator "RC"]
[PlyCount "102"]
[EventDate "2019.10.02"]
[EventType "swiss"]
[EventCountry "IND"]
[SourceTitle "playchess.com"]
[Source "ChessBase"]
[SourceQuality "1"]
[TimeControl "40/5400+30:1800+30"]

1. e4 {[%emt 0:00:00]} c5 {[%emt 0:00:00]} 2. Nf3 {[%emt 0:01:30]} Nc6 {[%emt 0:00:00]} 3. c3 {[%emt 0:00:12]} d5 {[%emt 0:01:44]} 4. exd5 {[%emt 0:00:15]} Qxd5 {[%emt 0:00:12]} 5. d4 {[%emt 0:00:29]} Bf5 {[%emt 0:01:53]} 6. Be3 {[%emt 0:03:16]} Nf6 {[%emt 0:02:22]} 7. Na3 {[%emt 0:02:46]} cxd4 {[%emt 0:01:03]} 8. Nb5 {[%emt 0:09:54]} O-O-O {[%emt 0:01:29]} 9. Nfxd4 {[%emt 0:08:02]} Ng4 {[%emt 0:00:52]} 10. Qe2 {[%emt 0:42:58]} Nxe3 {[%emt 0:03:21]} 11. Qxe3 {[%emt 0:00:01]} Nxd4 {[%emt 0:15:13]} 12. Nxd4 {[%emt 0:00:07]} e6 {[%emt 0:11:13]} 13. Nb3 {[%emt 0:06:22]} Qe4 {[%emt 0:10:34]} 14. Be2 {[%emt 0:04:05]} Qxe3 {[%emt 0:02:05]} 15. fxe3 {[%emt 0:00:00]} e5 {[%emt 0:01:37]} 16. Rf1 Be6 {[%emt 0:01:26]} 17. Rd1 {[%emt 0:06:11]} Be7 {[%emt 0:02:53]} 18. Kf2 {[%emt 0:00:08]} Kc7 {[%emt 0:00:54]} 19. Rxd8 {[%emt 0:00:27]} Rxd8 {[%emt 0:00:36]} 20. Rd1 {[%emt 0:00:01]} Rxd1 {[%emt 0:03:22]} 21. Bxd1 {[%emt 0:00:01]} f5 {[%emt 0:02:03]} 22. Nc1 {[%emt 0:02:27]} Kd6 {[%emt 0:02:17]} 23. Bb3 {[%emt 0:00:13]} Bd7 {[%emt 0:00:16]} 24. Ne2 {[%emt 0:00:53]} Bd8 {[%emt 0:02:30]} 25. Bg8 {[%emt 0:05:32]} h5 {[%emt 0:04:15]} 26. e4 {[%emt 0:01:23]} Bb6+ {[%emt 0:11:48]} 27. Ke1 {[%emt 0:00:01]} f4 {[%emt 0:00:06]} 28. Bf7 {[%emt 0:04:53]} Bc6 {[%emt 0:04:26]} 29. Bxh5 {[%emt 0:00:53]} Bxe4 {[%emt 0:00:01]} 30. Bf3 {[%emt 0:00:06]} Bc6 {[%emt 0:00:11]} 31. Bxc6 {[%emt 0:00:43]} bxc6 {[%emt 0:00:01]} 32. Kd2 {[%emt 0:01:04]} Kd5 {[%emt 0:00:11]} 33. b3 {[%emt 0:00:58]} Be3+ {[%emt 0:00:07]} 34. Kc2 {[%emt 0:00:31]} e4 {[%emt 0:00:12]} 35. a4 {[%emt 0:00:28]} Ke5 {[%emt 0:04:09]} 36. b4 {[%emt 0:00:11]} g5 {[%emt 0:00:31]} 37. h3 {[%emt 0:00:01]} c5 {[%emt 0:02:04]} 38. Kb3 f3 {[%emt 0:02:05]} 39. gxf3 {[%emt 0:01:23]} exf3 {[%emt 0:00:03]} 40. Ng3 {[%emt 0:00:37]} Kf4 {[%emt 0:01:24]} 41. Nf1 {[%emt 0:02:54]} f2 {[%emt 0:02:09]} 42. b5 {[%emt 0:09:26]} Kf3 {[%emt 0:00:38]} 43. a5 {[%emt 0:00:18]} Ke2 {[%emt 0:01:10]} 44. Ng3+ {[%emt 0:00:01]} Ke1 {[%emt 0:00:06]} 45. a6 {[%emt 0:01:43]} Bf4 {[%emt 0:01:07]} 46. b6 {[%emt 0:00:05]} axb6 {[%emt 0:00:07]} 47. a7 {[%emt 0:00:46]} Bxg3 {[%emt 0:00:02]} 48. a8=Q f1=Q {[%emt 0:00:05]} 49. Qe4+ {[%emt 0:00:26]} Qe2 {[%emt 0:00:41]} 50. Qh1+ {[%emt 0:00:03]} Kf2 {[%emt 0:00:06]} 51. Qd5 {[%emt 0:00:11]} Bf4 {[%emt 0:00:22]} 0-1

[Event "WYCC U18 Open 2019"]
[Site "Mumbai"]
[Date "2019.10.11"]
[Round "10.5"]
[White "Blohberger, Felix"]
[Black "Davtyan, Artur"]
[Result "0-1"]
[WhiteElo "2448"]
[BlackElo "2418"]
[Annotator "NA"]
[PlyCount "210"]
[EventDate "2019.10.02"]
[EventType "swiss"]
[EventCountry "IND"]
[SourceTitle "playchess.com"]
[Source "ChessBase"]
[SourceQuality "1"]
[TimeControl "40/5400+30:1800+30"]

1. e4 {[%emt 0:00:00]} e5 {[%emt 0:00:00]} 2. Nf3 {[%emt 0:00:00]} Nc6 {[%emt 0:00:49]} 3. Bb5 {[%emt 0:00:00]} a6 {[%emt 0:00:04]} 4. Ba4 {[%emt 0:00:00]} g6 {[%emt 0:00:02]} 5. d4 {[%emt 0:03:46]} exd4 {[%emt 0:01:36]} 6. Nxd4 {[%emt 0:00:26]} Bg7 {[%emt 0:00:49]} 7. Nxc6 {[%emt 0:00:08]} bxc6 {[%emt 0:04:00]} 8. Nc3 {[%emt 0:01:45]} Ne7 {[%emt 0:00:27]} 9. Bb3 {[%emt 0:08:06]} O-O {[%emt 0:07:30]} 10. O-O {[%emt 0:04:37]} d6 {[%emt 0:00:36]} 11. Be3 {[%emt 0:03:32]} c5 {[%emt 0:05:49]} 12. Qd2 {[%emt 0:09:24]} Be6 {[%emt 0:06:47]} 13. Bxe6 {[%emt 0:01:51]} fxe6 {[%emt 0:00:58]} 14. Rad1 {[%emt 0:02:29]} Qb8 {[%emt 0:02:12]} 15. Na4 {[%emt 0:03:19]} Rf7 {[%emt 0:17:40]} 16. b3 {[%emt 0:01:38]} Nc6 {[%emt 0:02:09]} 17. f3 {[%emt 0:00:33]} Qb5 {[%emt 0:00:21]} 18. Nc3 {[%emt 0:06:53]} Qa5 {[%emt 0:01:06]} 19. Na4 {[%emt 0:00:18]} Qxd2 {[%emt 0:02:41]} 20. Rxd2 {[%emt 0:00:21]} h6 {[%emt 0:00:08]} 21. Rb1 {[%emt 0:07:01]} Kh7 {[%emt 0:02:29]} 22. c3 {[%emt 0:06:28]} g5 {[%emt 0:07:32]} 23. Rc2 {[%emt 0:02:24]} Rb8 {[%emt 0:12:01]} 24. Nb2 {[%emt 0:03:28]} Ne5 {[%emt 0:00:10]} 25. Nd1 {[%emt 0:09:16]} Kg6 {[%emt 0:02:46]} 26. Nf2 {[%emt 0:00:50]} h5 {[%emt 0:02:03]} 27. Rd1 {[%emt 0:11:35]} Rbf8 {[%emt 0:12:53]} 28. b4 {[%emt 0:01:54]} c4 {[%emt 0:00:03]} 29. a4 Nd7 {[%emt 0:04:41]} 30. b5 {[%emt 0:10:08]} axb5 {[%emt 0:00:18]} 31. axb5 {[%emt 0:00:05]} Rb8 {[%emt 0:00:20]} 32. Rb1 {[%emt 0:00:24]} Be5 {[%emt 0:02:10]} 33. Rcc1 {[%emt 0:02:24]} Nb6 {[%emt 0:02:18]} 34. Ra1 {[%emt 0:00:35]} d5 {[%emt 0:00:41]} 35. Ra6 {[%emt 0:00:35]} Rd7 {[%emt 0:00:21]} 36. g3 {[%emt 0:00:53]} Rf7 {[%emt 0:00:56]} 37. Kg2 {[%emt 0:00:09]} Rf6 {[%emt 0:00:14]} 38. Nh3 {[%emt 0:00:55]} g4 {[%emt 0:00:33]} 39. fxg4 {[%emt 0:00:07]} dxe4 {[%emt 0:00:44]} 40. gxh5+ {[%emt 0:01:07]} Kxh5 {[%emt 0:00:14]} 41. Bxb6 {[%emt 0:11:02]} cxb6 {[%emt 0:03:09]} 42. Re1 {[%emt 0:02:09]} Rd8 {[%emt 0:00:31]} 43. Ra2 {[%emt 0:01:38]} Bxc3 {[%emt 0:02:44]} 44. Rxe4 {[%emt 0:00:13]} Rd4 {[%emt 0:00:23]} 45. Nf4+ {[%emt 0:05:51]} Kh6 {[%emt 0:03:27]} 46. Rxd4 {[%emt 0:00:17]} Bxd4 {[%emt 0:00:05]} 47. Ra4 {[%emt 0:00:11]} e5 {[%emt 0:04:57]} 48. Rxc4 {[%emt 0:00:34]} Kg5 {[%emt 0:00:05]} 49. h4+ {[%emt 0:04:57]} Kg4 {[%emt 0:03:04]} 50. Nd3 {[%emt 0:01:08]} Kf5 {[%emt 0:00:07]} 51. Nf2 {[%emt 0:02:02]} Rf8 {[%emt 0:01:55]} 52. Rc7 {[%emt 0:03:17]} Ra8 {[%emt 0:09:47]} 53. g4+ {[%emt 0:01:00]} Ke6 {[%emt 0:00:01]} 54. Ne4 {[%emt 0:01:05]} Ra2+ {[%emt 0:00:06]} 55. Kf3 {[%emt 0:00:27]} Ra3+ {[%emt 0:00:02]} 56. Kg2 {[%emt 0:00:06]} Ra2+ {[%emt 0:00:17]} 57. Kf1 {[%emt 0:01:01]} Rb2 {[%emt 0:06:51]} 58. Rc6+ {[%emt 0:00:11]} Kd7 {[%emt 0:01:28]} 59. h5 {[%emt 0:00:34]} Rxb5 {[%emt 0:00:06]} 60. Rd6+ {[%emt 0:00:50]} Ke7 {[%emt 0:00:06]} 61. h6 {[%emt 0:00:52]} Rb1+ {[%emt 0:01:20]} 62. Kg2 {[%emt 0:00:49]} Rg1+ {[%emt 0:00:24]} 63. Kf3 {[%emt 0:00:41]} Rf1+ {[%emt 0:00:17]} 64. Kg3 {[%emt 0:00:44]} Rg1+ {[%emt 0:00:28]} 65. Kf3 {[%emt 0:00:26]} Rf1+ {[%emt 0:00:02]} 66. Ke2 {[%emt 0:00:51]} Rf4 {[%emt 0:00:07]} 67. h7 {[%emt 0:00:35]} Rxe4+ {[%emt 0:00:07]} 68. Kd1 {[%emt 0:00:30]} Rxg4 {[%emt 0:00:06]} 69. h8=Q {[%emt 0:00:30]} Rg1+ {[%emt 0:00:03]} 70. Kd2 {[%emt 0:00:07]} Kxd6 {[%emt 0:00:01]} 71. Qf8+ {[%emt 0:00:23]} Kd5 {[%emt 0:00:29]} 72. Qf7+ {[%emt 0:00:50]} Kc5 {[%emt 0:00:12]} 73. Qe7+ {[%emt 0:00:22]} Kb5 {[%emt 0:00:52]} 74. Qe8+ {[%emt 0:00:14]} Kb4 {[%emt 0:00:06]} 75. Qe7+ {[%emt 0:00:24]} Kb3 {[%emt 0:00:18]} 76. Qe6+ {[%emt 0:00:16]} Kb2 {[%emt 0:00:18]} 77. Qc6 {[%emt 0:00:51]} Rg3 {[%emt 0:00:55]} 78. Qc2+ {[%emt 0:00:46]} Ka3 {[%emt 0:00:07]} 79. Qc4 Rc3 {[%emt 0:00:22]} 80. Qd5 {[%emt 0:01:12]} Rc5 {[%emt 0:00:12]} 81. Qa8+ {[%emt 0:00:23]} Kb2 {[%emt 0:00:16]} 82. Qa4 {[%emt 0:00:42]} Bc3+ {[%emt 0:00:00]} 83. Kd3 {[%emt 0:00:30]} Rd5+ {[%emt 0:00:01]} 84. Ke3 {[%emt 0:00:21]} b5 {[%emt 0:00:02]} 85. Qa6 {[%emt 0:00:36]} b4 {[%emt 0:00:08]} 86. Qe2+ {[%emt 0:00:31]} Rd2 {[%emt 0:00:06]} 87. Qc4 {[%emt 0:00:35]} Rd4 {[%emt 0:00:24]} 88. Qb5 {[%emt 0:00:27]} b3 {[%emt 0:00:07]} 89. Qa6 {[%emt 0:00:30]} Kc2 {[%emt 0:02:02]} 90. Qg6+ {[%emt 0:00:10]} e4 {[%emt 0:02:05]} 91. Qg2+ {[%emt 0:00:07]} Kc1 {[%emt 0:00:01]} 92. Qf1+ {[%emt 0:00:32]} Rd1 {[%emt 0:00:11]} 93. Qa6 {[%emt 0:01:08]} b2 {[%emt 0:03:20]} 94. Qa3 {[%emt 0:00:06]} Rd3+ {[%emt 0:02:35]} 95. Kxe4 {[%emt 0:00:31]} Rd4+ {[%emt 0:00:03]} 96. Ke3 {[%emt 0:00:29]} Kc2 {[%emt 0:00:30]} 97. Qa2 {[%emt 0:00:04]} Rh4 {[%emt 0:00:42]} 98. Kf3 {[%emt 0:01:01]} Bd2 {[%emt 0:00:23]} 99. Ke2 {[%emt 0:00:51]} Re4+ {[%emt 0:00:11]} 100. Kf2 {[%emt 0:00:23]} Rf4+ {[%emt 0:00:46]} 101. Ke2 {[%emt 0:00:06]} Rd4 {[%emt 0:00:49]} 102. Kf2 {[%emt 0:01:02]} Re4 {[%emt 0:00:03]} 103. Kf1 {[%emt 0:00:28]} Re3 {[%emt 0:00:23]} 104. Qa4+ {[%emt 0:00:34]} Kc1 {[%emt 0:00:04]} 105. Qc4+ {[%emt 0:00:31]} Rc3 {[%emt 0:00:04]} 0-1

[Event "WYCC U18 Open 2019"]
[Site "Mumbai"]
[Date "2019.10.11"]
[Round "10.6"]
[White "Buckels, Valentin"]
[Black "Zhalmakhanov, Ramazan"]
[Result "1-0"]
[WhiteElo "2442"]
[BlackElo "2374"]
[Annotator "NA RC"]
[PlyCount "101"]
[EventDate "2019.10.02"]
[EventType "swiss"]
[EventCountry "IND"]
[SourceTitle "playchess.com"]
[Source "ChessBase"]
[SourceQuality "1"]
[TimeControl "40/5400+30:1800+30"]

1. d4 {[%emt 0:00:00]} Nf6 {[%emt 0:00:00]} 2. c4 {[%emt 0:00:00]} e6 {[%emt 0:00:00]} 3. g3 {[%emt 0:00:03]} d5 {[%emt 0:00:31]} 4. Nf3 {[%emt 0:00:11]} Be7 {[%emt 0:00:07]} 5. Bg2 {[%emt 0:00:05]} O-O {[%emt 0:00:09]} 6. Nc3 {[%emt 0:00:06]} dxc4 {[%emt 0:05:48]} 7. Ne5 {[%emt 0:00:18]} c5 {[%emt 0:00:19]} 8. dxc5 {[%emt 0:00:34]} Qxd1+ {[%emt 0:01:03]} 9. Nxd1 {[%emt 0:00:05]} Bxc5 {[%emt 0:00:08]} 10. Nc3 {[%emt 0:00:37]} Rd8 {[%emt 0:01:24]} 11. O-O {[%emt 0:10:06]} Nc6 {[%emt 0:09:01]} 12. Nxc6 {[%emt 0:11:25]} bxc6 {[%emt 0:00:10]} 13. Bxc6 {[%emt 0:00:26]} Rb8 {[%emt 0:00:08]} 14. Bf4 {[%emt 0:02:31]} Bd6 $16 {[%emt 0:11:40]} (14... Rb4 $1 $14) 15. Rfd1 {[%emt 0:15:05]} Rb6 {[%emt 0:00:08]} 16. Bxd6 {[%emt 0:01:59]} Rxc6 {[%emt 0:00:07]} 17. Bc5 {[%emt 0:01:13]} Nd5 {[%emt 0:11:39]} 18. Bxa7 {[%emt 0:07:32]} Rcd6 {[%emt 0:03:53]} 19. Bc5 {[%emt 0:04:21]} R6d7 {[%emt 0:00:15]} 20. Nxd5 {[%emt 0:06:43]} Rxd5 {[%emt 0:01:45]} 21. Rxd5 {[%emt 0:00:25]} Rxd5 {[%emt 0:00:19]} 22. Bb4 {[%emt 0:00:15]} f6 {[%emt 0:00:33]} 23. f3 {[%emt 0:01:17]} Kf7 {[%emt 0:00:10]} 24. Kf2 {[%emt 0:00:28]} e5 {[%emt 0:00:17]} 25. h4 {[%emt 0:02:36]} Rb5 {[%emt 0:00:39]} 26. Bc3 {[%emt 0:01:06]} Rd5 {[%emt 0:00:16]} 27. a4 {[%emt 0:00:40]} Ke6 {[%emt 0:00:23]} 28. a5 {[%emt 0:00:54]} Ba6 {[%emt 0:00:11]} 29. g4 {[%emt 0:06:18]} Rd7 {[%emt 0:01:09]} 30. Ke3 {[%emt 0:09:56]} Bb5 {[%emt 0:03:02]} 31. Rf1 {[%emt 0:01:52]} h6 {[%emt 0:00:30]} 32. h5 {[%emt 0:05:26]} Kf7 {[%emt 0:02:45]} 33. Kf2 {[%emt 0:02:00]} Ke6 {[%emt 0:01:09]} 34. Ra1 {[%emt 0:00:33]} Kf7 {[%emt 0:00:22]} 35. Ke3 {[%emt 0:05:50]} Rd6 {[%emt 0:00:47]} 36. Bb4 {[%emt 0:00:31]} Rd7 {[%emt 0:00:14]} 37. Bc5 {[%emt 0:00:55]} Ba6 {[%emt 0:00:13]} 38. Rc1 {[%emt 0:02:47]} Ke6 {[%emt 0:00:50]} 39. Bb4 {[%emt 0:01:19]} Rb7 {[%emt 0:00:12]} 40. Bc3 {[%emt 0:00:20]} Rd7 {[%emt 0:00:08]} 41. Kf2 {[%emt 0:01:54]} Bb7 42. Ra1 {[%emt 0:01:00]} Ba6 {[%emt 0:02:01]} 43. e3 {[%emt 0:03:58]} Rd5 {[%emt 0:02:49]} 44. f4 {[%emt 0:00:53]} exf4 {[%emt 0:00:20]} 45. exf4 {[%emt 0:00:05]} Kf7 {[%emt 0:00:04]} 46. Re1 {[%emt 0:01:50]} Rd7 {[%emt 0:03:26]} 47. f5 {[%emt 0:06:17]} Bb5 {[%emt 0:02:39]} 48. Re6 {[%emt 0:00:52]} Rb7 {[%emt 0:00:10]} 49. Ke3 {[%emt 0:01:09]} Ba4 {[%emt 0:01:56]} 50. a6 {[%emt 0:00:56]} Rd7 {[%emt 0:00:05]} 51. Bd4 {[%emt 0:01:23]} 1-0

[Event "WYCC U18 Open 2019"]
[Site "Mumbai"]
[Date "2019.10.11"]
[Round "10.7"]
[White "Sydoryka, Vladyslav"]
[Black "Gazik, Viktor"]
[Result "0-1"]
[WhiteElo "2247"]
[BlackElo "2546"]
[Annotator "TA"]
[PlyCount "84"]
[EventDate "2019.10.02"]
[EventType "swiss"]
[EventCountry "IND"]
[SourceTitle "playchess.com"]
[Source "ChessBase"]
[SourceQuality "1"]

{[%evp 9,84,5,8,-6,-5,-10,-8,-5,2,0,16,0,13,0,1,-2,-13,-4,0,-20,-8,-21,-27,-23,-14,-14,-15,-28,-26,-26,-26,-21,-25,-27,-16,-39,-42,-39,-50,-39,-32,-97,-97,-97,-89,-86,-100,-87,-99,-310,-303,-538,-537,-557,-552,-558,-522,-502,-518,-509,-508,-502,-502,-540,-518,-542,-534,-542,-541,-739,-729,-726,-568,-824,-791,-822,-815]} 1. c4 e5 2. g3 c6 3. Nf3 e4 4. Nd4 d5 5. d3 Bc5 6. Nb3 {A20: English Opening: 1...e5} Bb4+ 7. Bd2 Bxd2+ 8. Qxd2 {The position is equal.} dxc4 9. dxc4 Qe7 $146 ({Predecessor:} 9... Qxd2+ 10. N1xd2 f5 11. c5 Nf6 12. e3 g6 13. Nc4 Ke7 14. Nd6 Nbd7 15. Rc1 b6 16. Be2 {½-½ (16) Salem,A (2633)-Hammer,J (2621) Moscow 2017}) 10. Nc3 f5 11. Rd1 Nh6 12. Qd6 Qxd6 13. Rxd6 Na6 14. e3 Nf7 15. Rd2 Ne5 {...Nf3+ is the strong threat.} 16. Be2 Be6 17. Nd4 Ke7 ({Much weaker is} 17... Bxc4 $6 18. Nxf5 O-O 19. Nd6 $16) 18. O-O Rhd8 19. Rfd1 g6 $36 {[%mdl 2048] Black has the initiative.} 20. b3 Nc5 21. b4 Na6 (21... Ncd3 {is interesting.} 22. Bxd3 exd3 23. Nxe6 Kxe6 24. Kg2 b6) 22. Nxe6 Rxd2 23. Rxd2 {Strongly threatening Nf4.} Kxe6 24. a3 Nc7 25. c5 (25. Na4 $15) 25... a5 $17 26. b5 Kf6 27. Kg2 Ne6 28. Na4 Rd8 29. Rc2 $2 (29. Rxd8 $17 Nxd8 30. bxc6 bxc6 31. Ba6) 29... Nd3 $19 30. bxc6 $2 (30. Bxd3 {is a better defense.} exd3 31. Rc1) 30... Ne1+ {[%mdl 64] [#] Double Attack, Zwischenzug. Black is clearly winning.} 31. Kf1 Nxc2 32. cxb7 Ke7 33. Nb6 {And now Nc8+ would win.} Rb8 34. c6 Kd6 35. Nd7 {[#]} Kc7 $1 36. Bc4 Nd8 37. Nxb8 Kxb8 38. a4 Nxc6 39. Bg8 h5 40. Bf7 Ne7 41. Kg2 Ne1+ 42. Kh3 Kxb7 {Accuracy: White = 40%, Black = 77%.} 0-1

[Event "WYCC U18 Open 2019"]
[Site "Mumbai"]
[Date "2019.10.11"]
[Round "10.8"]
[White "Gholami, Aryan"]
[Black "Aditya Mittal"]
[Result "1-0"]
[WhiteElo "2554"]
[BlackElo "2430"]
[Annotator "ChessBase"]
[PlyCount "80"]
[EventDate "2019.10.02"]
[EventType "swiss"]
[EventCountry "IND"]
[SourceTitle "playchess.com"]
[Source "ChessBase"]
[SourceQuality "1"]
[TimeControl "40/5400+30:1800+30"]

1. d4 {[%emt 0:00:00]} d5 {[%emt 0:00:00]} 2. Nf3 {[%emt 0:00:00]} Nf6 {[%emt 0:00:00]} 3. Bf4 {[%emt 0:00:02]} c5 {[%emt 0:00:11]} 4. e3 {[%emt 0:00:09]} Nc6 {[%emt 0:00:12]} 5. Nbd2 {[%emt 0:00:28]} e6 {[%emt 0:01:06]} 6. c3 {[%emt 0:00:39]} cxd4 {[%emt 0:00:14]} 7. exd4 {[%emt 0:01:17]} Nh5 {[%emt 0:00:08]} 8. Be3 {[%emt 0:01:13]} Bd6 {[%emt 0:00:08]} 9. Ne5 {[%emt 0:00:57]} g6 {[%emt 0:00:16]} 10. Nd3 {[%emt 0:03:28]} O-O {[%emt 0:07:00]} 11. Be2 {[%emt 0:01:12]} Ng7 {[%emt 0:00:31]} 12. Bf4 {[%emt 0:00:58]} f6 {[%emt 0:08:35]} 13. Bxd6 {[%emt 0:02:54]} Qxd6 {[%emt 0:00:03]} 14. Qb3 {[%emt 0:02:46]} e5 {[%emt 0:08:47]} 15. O-O {[%emt 0:14:48]} exd4 {[%emt 0:07:36]} 16. Bf3 {[%emt 0:00:33]} Be6 {[%emt 0:02:04]} 17. Qxb7 {[%emt 0:00:51]} Rab8 {[%emt 0:24:46]} 18. Qa6 {[%emt 0:00:59]} Rb6 {[%emt 0:00:38]} 19. Qa4 {[%emt 0:00:22]} Bf5 {[%emt 0:01:10]} 20. Nb4 {[%emt 0:00:42]} Nxb4 {[%emt 0:14:55]} 21. cxb4 {[%emt 0:00:36]} Rxb4 {[%emt 0:00:28]} 22. Qxa7 {[%emt 0:01:55]} d3 {[%emt 0:00:17]} 23. Qa5 {[%emt 0:09:19]} Rxb2 {[%emt 0:03:56]} 24. Bxd5+ {[%emt 0:04:03]} Kh8 {[%emt 0:00:26]} 25. Nc4 {[%emt 0:00:31]} Qb4 {[%emt 0:00:18]} 26. Qa7 {[%emt 0:01:40]} Qb8 {[%emt 0:06:05]} 27. Qd4 {[%emt 0:01:46]} Re2 {[%emt 0:02:37]} 28. Ne3 {[%emt 0:12:42]} Rd8 {[%emt 0:05:00]} 29. Rfb1 {[%emt 0:21:53]} Qd6 {[%emt 0:03:50]} 30. Rb6 {[%emt 0:01:09]} Qc7 {[%emt 0:01:40]} 31. Rxf6 {[%emt 0:01:30]} d2 32. Rf1 {[%emt 0:00:05]} Re1 {[%emt 0:02:13]} 33. Qxd2 {[%emt 0:00:58]} Rxf1+ {[%emt 0:00:01]} 34. Kxf1 {[%emt 0:00:19]} Qe5 {[%emt 0:00:27]} 35. Rc6 {[%emt 0:02:47]} Qxh2 {[%emt 0:01:11]} 36. Qc3 {[%emt 0:00:58]} Qh1+ {[%emt 0:00:38]} 37. Ke2 {[%emt 0:00:01]} Qb1 {[%emt 0:00:31]} 38. Rc7 {[%emt 0:00:29]} Bd7 {[%emt 0:00:17]} 39. Rb7 {[%emt 0:01:16]} Bb5+ {[%emt 0:00:23]} 40. Kf3 {[%emt 0:01:07]} Rf8+ {[%emt 0:00:48] Ke4} 1-0

[Event "WYCC U18 Open 2019"]
[Site "Mumbai"]
[Date "2019.10.11"]
[Round "10.9"]
[White "Aliyev, Ravan"]
[Black "Rahul Srivatshav P"]
[Result "0-1"]
[WhiteElo "2341"]
[BlackElo "2460"]
[Annotator "ChessBase"]
[PlyCount "46"]
[EventDate "2019.10.02"]
[EventType "swiss"]
[EventCountry "IND"]
[SourceTitle "playchess.com"]
[Source "ChessBase"]
[SourceQuality "1"]
[TimeControl "40/5400+30:1800+30"]

1. d4 {[%emt 0:00:05]} Nf6 {[%emt 0:00:35]} 2. c4 {[%emt 0:00:16]} g6 {[%emt 0:00:03]} 3. Nc3 {[%emt 0:00:19]} Bg7 {[%emt 0:00:05]} 4. Nf3 {[%emt 0:00:45]} O-O {[%emt 0:00:08]} 5. Bg5 {[%emt 0:00:03]} c5 {[%emt 0:01:25]} 6. e3 {[%emt 0:05:19]} cxd4 {[%emt 0:01:06]} 7. exd4 {[%emt 0:00:09]} d5 {[%emt 0:04:24]} 8. Be2 {[%emt 0:16:27]} dxc4 {[%emt 0:02:18]} 9. Bxc4 {[%emt 0:01:24]} Bg4 {[%emt 0:05:07]} 10. O-O {[%emt 0:05:56]} Nc6 {[%emt 0:11:30]} 11. d5 {[%emt 0:05:53]} Bxf3 {[%emt 0:03:09]} 12. Qxf3 {[%emt 0:01:13]} Ne5 {[%emt 0:00:04]} 13. Qe2 {[%emt 0:01:11]} Nxc4 {[%emt 0:00:14]} 14. Qxc4 {[%emt 0:00:59]} Qd7 {[%emt 0:01:00]} 15. Rad1 {[%emt 0:01:17]} Rac8 {[%emt 0:07:43]} 16. Qb4 {[%emt 0:08:14]} h6 {[%emt 0:08:44]} 17. Bh4 {[%emt 0:08:13]} b6 {[%emt 0:00:42]} 18. d6 {[%emt 0:04:05]} exd6 {[%emt 0:11:46]} 19. Rxd6 {[%emt 0:01:20]} Qg4 {[%emt 0:00:06]} 20. Rd4 {[%emt 0:21:12]} Qf5 {[%emt 0:05:42]} 21. Bxf6 {[%emt 0:06:15]} Bxf6 {[%emt 0:00:13]} 22. Nd5 {[%emt 0:01:20]} Rfd8 {[%emt 0:00:18]} 23. Rfd1 {[%emt 0:02:08]} Rxd5 {[%emt 0:00:49]} 0-1

[Event "WYCC U18 Open 2019"]
[Site "Mumbai"]
[Date "2019.10.11"]
[Round "10.10"]
[White "Stoleriu, George"]
[Black "Bykov, Oleg"]
[Result "0-1"]
[WhiteElo "2351"]
[BlackElo "2370"]
[Annotator "NA"]
[PlyCount "96"]
[EventDate "2019.10.02"]
[EventType "swiss"]
[EventCountry "IND"]
[SourceTitle "playchess.com"]
[Source "ChessBase"]
[SourceQuality "1"]
[TimeControl "40/5400+30:1800+30"]

1. e4 {[%emt 0:00:00]} c5 {[%emt 0:00:00]} 2. Be2 {[%emt 0:00:00]} Nc6 {[%emt 0:00:00]} 3. f4 {[%emt 0:00:00]} e6 {[%emt 0:01:10]} 4. Nf3 {[%emt 0:00:00]} d5 {[%emt 0:01:12]} 5. d3 {[%emt 0:00:10]} g6 {[%emt 0:03:15]} 6. O-O {[%emt 0:00:20]} Bg7 {[%emt 0:00:07]} 7. c3 {[%emt 0:01:08]} Nge7 {[%emt 0:00:08]} 8. a4 {[%emt 0:05:35]} O-O {[%emt 0:01:09]} 9. Na3 {[%emt 0:01:15]} b6 {[%emt 0:01:19]} 10. Kh1 {[%emt 0:02:13]} Bb7 {[%emt 0:04:42]} 11. e5 {[%emt 0:13:54]} d4 {[%emt 0:02:01]} 12. Nc4 {[%emt 0:02:07]} Rb8 {[%emt 0:04:13]} 13. Nd6 {[%emt 0:05:41]} Ba8 {[%emt 0:00:58]} 14. c4 {[%emt 0:07:42]} f6 {[%emt 0:07:38]} 15. exf6 {[%emt 0:00:46]} Bxf6 {[%emt 0:04:35]} 16. Ne4 {[%emt 0:00:08]} Bg7 {[%emt 0:04:47]} 17. Nfg5 {[%emt 0:32:52]} Qc8 {[%emt 0:06:14]} 18. Bg4 {[%emt 0:09:10]} Nf5 {[%emt 0:02:49]} 19. Qe2 {[%emt 0:02:43]} h6 {[%emt 0:04:57]} 20. Nf3 {[%emt 0:01:14]} Qc7 {[%emt 0:03:26]} 21. Bd2 {[%emt 0:00:21]} Rbe8 {[%emt 0:02:01]} 22. Rae1 {[%emt 0:00:58]} Ne3 {[%emt 0:12:41]} 23. Bxe3 {[%emt 0:00:18]} dxe3 {[%emt 0:00:04]} 24. Qxe3 {[%emt 0:05:20]} Rxf4 {[%emt 0:08:02]} 25. Bh3 {[%emt 0:00:09]} Nb4 {[%emt 0:08:08]} 26. Nfd2 {[%emt 0:01:52]} g5 {[%emt 0:07:08]} 27. Rxf4 {[%emt 0:00:47]} Qxf4 {[%emt 0:00:59]} 28. Qe2 {[%emt 0:00:33]} Qe5 {[%emt 0:01:36]} 29. Qh5 {[%emt 0:00:36]} Rf8 {[%emt 0:00:51]} 30. Nf3 {[%emt 0:00:37]} Qf4 {[%emt 0:01:44]} 31. Nexg5 {[%emt 0:04:25]} Nxd3 {[%emt 0:01:10]} 32. Bxe6+ {[%emt 0:00:19]} Kh8 {[%emt 0:00:03]} 33. Qg6 {[%emt 0:00:32]} Be4 {[%emt 0:01:13]} 34. Nf7+ {[%emt 0:02:42]} Rxf7 {[%emt 0:00:51]} 35. Qxf7 {[%emt 0:00:30]} Qxf7 {[%emt 0:00:48]} 36. Bxf7 {[%emt 0:00:01]} Nxe1 {[%emt 0:00:18]} 37. Nxe1 {[%emt 0:00:00]} Bxb2 {[%emt 0:00:09]} 38. Kg1 {[%emt 0:00:21]} Bc6 {[%emt 0:00:52]} 39. Kf2 {[%emt 0:01:11]} Bxa4 {[%emt 0:00:33]} 40. Bd5 {[%emt 0:00:36]} Bb3 {[%emt 0:01:25]} 41. Nd3 {[%emt 0:02:01]} Bd4+ {[%emt 0:05:38]} 42. Kf3 {[%emt 0:04:16]} b5 {[%emt 0:06:35]} 43. Ke4 {[%emt 0:02:39]} bxc4 {[%emt 0:03:30]} 44. Nc1 {[%emt 0:04:57]} Bc2+ {[%emt 0:00:07]} 45. Kf3 {[%emt 0:00:06]} Bb2 {[%emt 0:00:35]} 46. Ne2 {[%emt 0:01:29]} c3 {[%emt 0:00:22]} 47. Ke3 {[%emt 0:00:05]} Bd1 {[%emt 0:00:43]} 48. Be4 {[%emt 0:00:40]} c2 {[%emt 0:00:39] Kd4} 0-1